01435nam a2200373 a 4500001001200000003000800012006001900020007001500039008004100054010001700095015001900112020001800131020002200149020002200171040002100193035002000214050002500234082001200259245012500271260005200396300002300448504005100471533015200522650003400674650002600708650003900734650004000773655002900813700002900842700003000871710001700901856012600918999001701044ebr10076759CaPaEBRm u cr cn|||||||||040331s2004 enka sb 001 0 eng  z 2004104840 aGBA4X38392bnb z9781412932271 z1412901413 (hbk.) z1412901421 (pbk.) aCaPaEBRcCaPaEBR a(OCoLC)7077392514aHD30.4b.E846 2004eb04a65822200aEssential readings in management learningh[electronic resource] /cedited by Christopher Grey and Elena Antonacopoulou. aLondon ;aThousand Oaks, Calif. :bSage,c2004. avi, 429 p. :bill. aIncludes bibliographical references and index. aElectronic reproduction.bPalo Alto, Calif. :cebrary,d2013.nAvailable via World Wide Web.nAccess may be limited to ebrary affiliated libraries. 0aBusiness educationxResearch. 0aManagementxResearch. 0aOrganizational learningxResearch. 0aOrganizational sociologyxResearch. 7aElectronic books.2local1 aAntonacopoulou, Elena P.1 aGrey, Christopher,d1964-2 aebrary, Inc.40uhttp://site.ebrary.com/lib/rucke/Doc?id=10076759zAn electronic book accessible through the World Wide Web; click to view c73998d73998